| 000 | 00572nam a2200193Ia 4500 | ||
|---|---|---|---|
| 003 | GCL | ||
| 008 | 140319s9999 xx 000 0 ara d | ||
| 040 |
_aGCL / _cGCL |
||
| 082 | 0 | 4 |
_a341.37 _bه خ |
| 100 | 1 | _aهشام خالد | |
| 245 | 1 | 0 |
_aخصائص وطبيعة عقد ضمان الاستثمار العربى / _cهشام خالد |
| 260 |
_a[S.N] : _bمؤسسة شباب الجامعة ، _c1988 |
||
| 300 | _a1600 ص | ||
| 490 | _a | ||
| 650 | 0 | 4 | _aالقانون |
| 650 | 0 | 4 | _aالقانون الدولى |
| 650 | 0 | 4 | _aالمعاهدات |
| 942 |
_2ddc _cBK |
||
| 999 |
_c54307 _d54307 |
||